Raphaël et la Farnésine / (Record no. 152116)

MARC details
000 -LEADER
campo de control de longitud fija 00687nam a22001935i 4500
001 - NÚMERO DE CONTROL
campo de control 152116
003 - IDENTIFICADOR DE NÚMERO DE CONTROL
campo de control ES-MaACL
005 - FECHA Y HORA DE LA ÚLTIMA TRANSACCIÓN
campo de control 20230906204536.0
008 - DATOS DE LONGITUD FIJA--INFORMACIÓN GENERAL
campo de control de longitud fija 051018s1884 fr a | |||||||| ||fre d
040 ## - FUENTE DE CATALOGACIÓN
Centro catalogador/agencia de origen CAM
Lengua de catalogación spa
Centro/agencia transcriptor CAM
100 1# - ENTRADA PRINCIPAL--NOMBRE DE PERSONA
Nombre de persona Bigot, Charles.
9 (RLIN) 28851
245 10 - MENCIÓN DEL TÍTULO
Título Raphaël et la Farnésine /
Mención de responsabilidad, etc. par Charles Bigot ; gravures par Tiburce de Mare.
260 ## - PUBLICACIÓN, DISTRIBUCIÓN, ETC.
Lugar de publicación, distribución, etc. Paris :
Nombre del editor, distribuidor, etc. Gazette des Beaux-Arts,
Fecha de publicación, distribución, etc. 1884 (
Fabricante Typ. A. Quantin)
300 ## - DESCRIPCIÓN FÍSICA
Extensión 132 p., [15] h. de lám. ;
Dimensiones 31 cm.
600 14 - PUNTO DE ACCESO ADICIONAL DE MATERIA--NOMBRE DE PERSONA
Nombre de persona Rafael-
Subdivisión general Crítica e interpretación.
9 (RLIN) 131564
610 24 - PUNTO DE ACCESO ADICIONAL DE MATERIA--NOMBRE DE ENTIDAD CORPORATIVA
Nombre de entidad corporativa o nombre de jurisdicción como elemento de entrada Palacio Farnesio (Roma)
9 (RLIN) 134742
700 1# - ENTRADA AGREGADA--NOMBRE PERSONAL
Nombre de persona Mare, Tiburce de (
Fechas asociadas al nombre 1840-1900)
9 (RLIN) 154859
852 ## - LOCALIZACIÓN
Ubicación ES-MaACL
Número de control de estantería G-2222
Nota libre -- Enc. hol.
Holdings
Estatus retirado Estado de pérdida Estado de daño No para préstamo Colección Biblioteca de origen Biblioteca actual Ubicación en estantería Fecha de adquisición Fuente de adquisición Total de préstamos Signatura topográfica completa Código de barras Visto por última vez Precio de reemplazo Tipo de ítem Koha
        Libros del s. XIX Biblioteca del Ateneo de Madrid Biblioteca del Ateneo de Madrid Depósito 2 17/01/2008     G-2222 1158804 23/02/2023 23/02/2023 Libro impreso antiguo